Ingeniería marítima y portuaria
Guardat en:
| Autors principals: | , , , , |
|---|---|
| Format: | Llibre |
| Idioma: | espanyol |
| Publicat: |
Ciudad de México
Alfaomega
1999
|
| Matèries: | |
| Etiquetes: |
Afegir etiqueta
Sense etiquetes, Sigues el primer a etiquetar aquest registre!
|
MARC
| LEADER | 00000cam a2200000 a 4500 | ||
|---|---|---|---|
| 001 | UCP7222 | ||
| 003 | CL-VaPUC | ||
| 008 | 991203e19990000MX |||||||||||||||||spa|d | ||
| 020 | |a 9701502582 | ||
| 082 | 0 | 4 | |a 627 |b MAC |2 21 |
| 100 | |a Macdonel Martínez, Guillermo |e autor |9 529027 | ||
| 700 | 0 | |a Pindter Vega, Julio |e author |9 436702 | |
| 700 | |a Herrejón de la Torre, Luis |e author |9 529029 | ||
| 700 | 0 | |a Pizá Ortiz, Juan |e author |9 436704 | |
| 700 | 0 | |a López Gutiérrez, Héctor |e author |9 436705 | |
| 245 | 1 | 0 | |a Ingeniería marítima y portuaria |
| 300 | |a 629 p | ||
| 942 | |c BK | ||
| 945 | |d 19991203 00:00:00 |a vberengu | ||
| 260 | |a Ciudad de México |b Alfaomega |c 1999 | ||
| 650 | 0 | |a Costas |9 261336 | |
| 650 | 7 | |a DRAGADO |2 CL-VaPUC |9 436706 | |
| 650 | 0 | |a Ingeniería hidráulica |9 260281 | |
| 650 | 7 | |a INGENIERIA PORTUARIA Y COSTERA |2 CL-VaPUC |9 346620 | |
| 650 | 7 | |a INSTALACIONES PORTUARIAS |2 CL-VaPUC |9 335397 | |
| 650 | 0 | |a Puertos |9 260105 | |
| 583 | |a last modification |c 20120522 01:25:11 |k Rodrigo Vera | ||
| 999 | |c 284531 |d 284529 | ||
| 952 | |0 0 |1 0 |4 0 |6 627_000000000000000_MAC_1999 |7 0 |8 A |9 328602 |a BIBING |b BIBING |d 2019-11-20 |i 3667480 |o 627 MAC 1999 |p 3667480 |r 2025-01-20 |w 2019-11-20 |y BK |k TRA | ||
| 952 | |0 0 |1 0 |4 0 |6 627_000000000000000_MAC_1999 |7 0 |8 A |9 328603 |a BIBING |b BIBING |d 2019-11-20 |i 3667499 |o 627 MAC 1999 |p 3667499 |r 2025-01-20 |w 2019-11-20 |y BK |k TRA | ||
| 952 | |0 0 |1 0 |4 0 |6 627_000000000000000_MAC_1999 |7 0 |8 A |9 328604 |a BIBING |b BIBING |d 2019-11-20 |i 3667502 |o 627 MAC 1999 |p 3667502 |r 2025-01-20 |w 2019-11-20 |y BK |k TRA | ||
| 952 | |0 0 |1 0 |4 0 |6 627_000000000000000_MAC_1999 |7 0 |8 A |9 328605 |a BIBING |b BIBING |d 2019-11-20 |i 3746178 |o 627 MAC 1999 |p 3746178 |r 2025-01-20 |w 2019-11-20 |y BK |k TRA | ||
| 952 | |0 0 |1 0 |4 0 |6 627_000000000000000_MAC_1999 |7 0 |8 A |9 328606 |a BIBING |b BIBING |d 2019-11-20 |i 3972488 |o 627 MAC 1999 |p 3972488 |r 2025-01-20 |w 2019-11-20 |y BK |k TRA | ||
| 952 | |0 0 |1 0 |4 0 |6 627_000000000000000_MAC_1999 |7 0 |8 A |9 328607 |a BIBING |b BIBING |d 2019-11-20 |i 4021789 |o 627 MAC 1999 |p 4021789 |r 2025-01-20 |w 2019-11-20 |y BK |k CCL | ||
| 952 | |0 0 |1 0 |4 0 |6 627_000000000000000_MAC_1999 |7 0 |8 A |9 328608 |a BIBING |b BIBING |d 2019-11-20 |i 4039203 |l 1 |o 627 MAC 1999 |p 4039203 |r 2025-01-20 |s 2020-03-10 |w 2019-11-20 |y BK |k TRA | ||
| 952 | |0 0 |1 0 |4 0 |6 627_000000000000000_MAC_1999 |7 0 |8 A |9 328609 |a BIBING |b BIBING |d 2019-11-20 |i 4039211 |o 627 MAC 1999 |p 4039211 |r 2025-01-20 |w 2019-11-20 |y BK |k TRA | ||
| 952 | |0 0 |1 0 |4 0 |6 627_000000000000000_MAC_1999 |7 0 |8 A |9 328610 |a BIBING |b BIBING |d 2019-11-20 |i 403922K |o 627 MAC 1999 |p 403922K |r 2025-01-20 |w 2019-11-20 |y BK |k TRA | ||
| 952 | |0 0 |1 0 |4 0 |6 627_000000000000000_MAC_1999 |7 0 |8 A |9 328611 |a BIBING |b BIBING |d 2019-11-20 |i 4039238 |o 627 MAC 1999 |p 4039238 |r 2025-01-20 |w 2019-11-20 |y BK |k TRA | ||
| 952 | |0 0 |1 0 |4 0 |6 627_000000000000000_MAC_1999 |7 0 |8 A |9 328612 |a BIBING |b BIBING |d 2019-11-20 |i 4173449 |o 627 MAC 1999 |p 4173449 |r 2025-01-20 |w 2019-11-20 |y BK |k TRA | ||
| 952 | |0 0 |1 0 |4 0 |6 627_000000000000000_MAC_1999 |7 0 |8 A |9 328613 |a BIBING |b BIBING |d 2019-11-20 |i 4870654 |o 627 MAC 1999 |p 4870654 |r 2025-01-20 |w 2019-11-20 |y BK |k CIC | ||